000 00282nam a2200109 a 4500
008 141120s2005|||| d
245 1 0 _aVšeobecný encyklopedický slovník G-L
260 _bOttovo nakladatelství
_aPraha
_c2005
020 _c11,25
041 _aslo
044 _axo
_cSK
999 _c20523
_d20523